[Event "RUS-ch Blitz Women 2018"]
[Site "Sochi"]
[Date "2018.10.07"]
[Round "20"]
[White "Vinokur, Yuliya"]
[Black "Bulatova, Kamaliya"]
[Result "1/2-1/2"]
[WhiteElo "2170"]
[BlackElo "1926"]
[Annotator "NA"]
[PlyCount "64"]
[EventDate "2018.10.07"]
[EventType "swiss"]
[EventCountry "RUS"]
[SourceTitle "playchess.com"]
[Source "ChessBase"]
[SourceQuality "1"]
[TimeControl "180+2"]

1. d4 {[%emt 0:00:00]} Nf6 {[%emt 0:00:00]} 2. c4 e6 3. g3 {[%emt 0:00:01]} d5 {[%emt 0:00:00]} 4. Nf3 {[%emt 0:00:02]} dxc4 {[%emt 0:00:01]} 5. Bg2 {[%emt 0:00:01]} Bb4+ {[%emt 0:00:01]} 6. Nc3 {[%emt 0:00:07]} O-O {[%emt 0:00:02]} 7. O-O {[%emt 0:00:02]} Nc6 {[%emt 0:00:00]} 8. a3 {[%emt 0:00:12]} Be7 {[%emt 0:00:02]} 9. e4 {[%emt 0:00:20]} a6 {[%emt 0:00:02]} 10. Qe2 {[%emt 0:00:06]} b5 {[%emt 0:00:04]} 11. Rd1 {[%emt 0:00:05]} Na5 {[%emt 0:00:09]} 12. Bg5 {[%emt 0:00:13]} Nb3 {[%emt 0:00:03]} 13. Rab1 {[%emt 0:00:01]} h6 {[%emt 0:00:06]} 14. Bxf6 {[%emt 0:00:02]} Bxf6 {[%emt 0:00:02]} 15. e5 {[%emt 0:00:08]} Be7 {[%emt 0:00:06]} 16. d5 {[%emt 0:00:10]} Qe8 {[%emt 0:00:13]} 17. d6 {[%emt 0:00:16]} Bd8 {[%emt 0:00:02]} 18. Nd4 {[%emt 0:00:11]} Nxd4 {[%emt 0:00:03]} 19. Rxd4 {[%emt 0:00:02]} c6 {[%emt 0:00:02]} 20. Ne4 {[%emt 0:00:15]} Bb6 {[%emt 0:00:04]} 21. Rd2 {[%emt 0:00:01]} Bd7 {[%emt 0:00:11]} 22. Qg4 {[%emt 0:00:17]} Kh8 {[%emt 0:00:09]} 23. Rbd1 {[%emt 0:00:02]} f5 {[%emt 0:00:10]} 24. exf6 {[%emt 0:00:02]} gxf6 {[%emt 0:00:01]} 25. Qh4 {[%emt 0:00:05]} Qg6 {[%emt 0:00:02]} 26. Nc3 {[%emt 0:00:16]} Rac8 {[%emt 0:00:06]} 27. Ne2 {[%emt 0:00:08]} e5 {[%emt 0:00:09]} 28. Nc3 {[%emt 0:00:21]} Bd4 {[%emt 0:00:11]} 29. Kh1 {[%emt 0:00:09]} f5 {[%emt 0:00:11]} 30. f4 {[%emt 0:00:05]} Bxc3 {[%emt 0:00:34]} 31. bxc3 {[%emt 0:00:02]} e4 {[%emt 0:00:01]} 32. Rd4 {[%emt 0:00:04]} Rfe8 {[%emt 0:00:10]} 1/2-1/2

[Event "RUS-ch Blitz Women 2018"]
[Site "Sochi"]
[Date "2018.10.07"]
[Round "20"]
[White "Solozhenkina, Elizaveta"]
[Black "Potapova, Margarita"]
[Result "1-0"]
[WhiteElo "2134"]
[BlackElo "2284"]
[Annotator "NA"]
[PlyCount "67"]
[EventDate "2018.10.07"]
[EventType "swiss"]
[EventCountry "RUS"]
[SourceTitle "playchess.com"]
[Source "ChessBase"]
[SourceQuality "1"]
[TimeControl "180+2"]

1. e4 {[%emt 0:00:00]} c5 {[%emt 0:00:00]} 2. Nf3 {[%emt 0:00:00]} d6 {[%emt 0:00:00]} 3. d4 {[%emt 0:00:00]} cxd4 {[%emt 0:00:01]} 4. Nxd4 {[%emt 0:00:01]} Nf6 {[%emt 0:00:01]} 5. f3 {[%emt 0:00:01]} Nc6 {[%emt 0:00:27]} 6. c4 {[%emt 0:00:01]} e6 {[%emt 0:00:00]} 7. Nc3 {[%emt 0:00:01]} d5 {[%emt 0:00:18]} 8. cxd5 {[%emt 0:00:40]} exd5 {[%emt 0:00:04]} 9. Bb5 {[%emt 0:00:01]} Qd6 {[%emt 0:01:18]} 10. O-O {[%emt 0:00:19]} dxe4 {[%emt 0:00:31]} 11. Nxc6 {[%emt 0:00:14]} a6 {[%emt 0:00:18]} 12. Ba4 {[%emt 0:00:51]} Qc5+ {[%emt 0:00:09]} 13. Nd4+ {[%emt 0:00:02]} b5 {[%emt 0:00:00]} 14. Bb3 {[%emt 0:00:14]} Bd6 {[%emt 0:00:03]} 15. Nxe4 {[%emt 0:00:17]} Nxe4 {[%emt 0:00:04]} 16. fxe4 {[%emt 0:00:01]} O-O {[%emt 0:00:03]} 17. Be3 {[%emt 0:00:02]} Qc7 {[%emt 0:00:05]} 18. Qh5 {[%emt 0:00:06]} Bb7 {[%emt 0:00:03]} 19. Nf5 {[%emt 0:00:15]} Bxe4 {[%emt 0:00:08]} 20. Nxd6 {[%emt 0:00:03]} Qxd6 {[%emt 0:00:01]} 21. Bxf7+ {[%emt 0:00:13]} Kh8 {[%emt 0:00:02]} 22. Bb3 {[%emt 0:00:03]} Bg6 {[%emt 0:00:03]} 23. Qh3 {[%emt 0:00:03]} Qe7 {[%emt 0:00:03]} 24. Bd4 {[%emt 0:00:03]} Qd6 {[%emt 0:00:01]} 25. Bc3 {[%emt 0:00:04]} Qc5+ {[%emt 0:00:01]} 26. Kh1 b4 27. Bd2 {[%emt 0:00:04]} Qd4 {[%emt 0:00:02]} 28. Bg5 {[%emt 0:00:03]} Qe5 {[%emt 0:00:01]} 29. Bh4 {[%emt 0:00:03]} Qxb2 {[%emt 0:00:03]} 30. Be7 {[%emt 0:00:02]} Rfe8 {[%emt 0:00:01]} 31. Bxb4 {[%emt 0:00:02]} a5 {[%emt 0:00:01]} 32. Bc3 {[%emt 0:00:02]} Qa3 {[%emt 0:00:03]} 33. Bf7 {[%emt 0:00:08]} Bxf7 {[%emt 0:00:03]} 34. Bxg7+ {[%emt 0:00:01]} 1-0

[Event "RUS-ch Blitz Women 2018"]
[Site "Sochi"]
[Date "2018.10.07"]
[Round "20"]
[White "Lysenko, Margarita"]
[Black "Shuvalova, Polina"]
[Result "1-0"]
[WhiteElo "2122"]
[BlackElo "2421"]
[Annotator "NA"]
[PlyCount "143"]
[EventDate "2018.10.07"]
[EventType "swiss"]
[EventCountry "RUS"]
[SourceTitle "playchess.com"]
[Source "ChessBase"]
[SourceQuality "1"]
[TimeControl "180+2"]

1. c4 {[%emt 0:00:00]} Nf6 {[%emt 0:00:00]} 2. Nf3 {[%emt 0:00:02]} e6 {[%emt 0:00:00]} 3. g3 {[%emt 0:00:01]} d5 {[%emt 0:00:00]} 4. Bg2 {[%emt 0:00:02]} d4 {[%emt 0:00:01]} 5. O-O {[%emt 0:00:04]} c5 {[%emt 0:00:01]} 6. d3 {[%emt 0:00:13]} Nc6 {[%emt 0:00:01]} 7. e3 {[%emt 0:00:06]} Be7 {[%emt 0:00:01]} 8. exd4 {[%emt 0:00:01]} cxd4 {[%emt 0:00:01]} 9. Re1 {[%emt 0:00:30]} O-O {[%emt 0:00:02]} 10. Ne5 {[%emt 0:00:08]} Nxe5 {[%emt 0:00:01]} 11. Rxe5 {[%emt 0:00:01]} Nd7 {[%emt 0:00:02]} 12. Re1 {[%emt 0:00:05]} a5 {[%emt 0:00:05]} 13. Nd2 {[%emt 0:00:17]} Nc5 {[%emt 0:00:02]} 14. Ne4 {[%emt 0:00:06]} Na6 {[%emt 0:00:15]} 15. b3 {[%emt 0:00:29]} Bd7 {[%emt 0:00:03]} 16. Rb1 {[%emt 0:00:06]} Bc6 {[%emt 0:00:01]} 17. a3 {[%emt 0:00:03]} Re8 {[%emt 0:00:09]} 18. f4 {[%emt 0:00:11]} Bf8 {[%emt 0:00:04]} 19. Ra1 $11 {[%emt 0:00:23]} g6 {[%emt 0:00:03]} 20. Bd2 {[%emt 0:00:04]} Be7 {[%emt 0:00:31]} 21. Qc2 {[%emt 0:00:10]} Qc7 {[%emt 0:00:11]} 22. Qb2 {[%emt 0:00:04]} f5 {[%emt 0:00:09]} 23. Nf2 {[%emt 0:00:17]} Bxg2 {[%emt 0:00:02]} 24. Kxg2 {[%emt 0:00:01]} Bf6 {[%emt 0:00:13]} 25. b4 {[%emt 0:00:05]} axb4 {[%emt 0:00:04]} 26. axb4 {[%emt 0:00:02]} Rad8 {[%emt 0:00:03]} 27. b5 {[%emt 0:00:04]} Nc5 {[%emt 0:00:03]} 28. Ra7 {[%emt 0:00:08]} e5 {[%emt 0:00:02]} 29. fxe5 {[%emt 0:00:05]} Bxe5 {[%emt 0:00:06]} 30. Ba5 {[%emt 0:00:04]} Qb8 {[%emt 0:00:10]} 31. Bxd8 {[%emt 0:00:02]} Qxa7 {[%emt 0:00:02]} 32. Bg5 {[%emt 0:00:03]} b6 {[%emt 0:00:02]} 33. Bf4 {[%emt 0:00:03]} Qa8+ {[%emt 0:00:02]} 34. Kg1 {[%emt 0:00:02]} Bxf4 {[%emt 0:00:01]} 35. Rxe8+ {[%emt 0:00:02]} Qxe8 {[%emt 0:00:01]} 36. gxf4 {[%emt 0:00:01]} Qe3 {[%emt 0:00:04]} 37. Qc2 {[%emt 0:00:05]} Qxf4 {[%emt 0:00:02]} 38. Qa2 {[%emt 0:00:01]} Qg5+ {[%emt 0:00:04]} 39. Kf1 {[%emt 0:00:03]} Qc1+ {[%emt 0:00:02]} 40. Kg2 {[%emt 0:00:02]} Qg5+ {[%emt 0:00:08]} 41. Kf1 {[%emt 0:00:01]} Qf4 {[%emt 0:00:03]} 42. Qa8+ {[%emt 0:00:02]} Kg7 {[%emt 0:00:00]} 43. Qa7+ {[%emt 0:00:02]} Kh6 {[%emt 0:00:02]} 44. Ke2 {[%emt 0:00:04]} Qe3+ {[%emt 0:00:01]} 45. Kf1 {[%emt 0:00:01]} Qf3 {[%emt 0:00:01]} 46. Qa3 {[%emt 0:00:02]} Ne4 {[%emt 0:00:08]} 47. Qc1+ {[%emt 0:00:02]} Ng5 {[%emt 0:00:08]} 48. h4 {[%emt 0:00:01]} f4 {[%emt 0:00:04]} 49. hxg5+ {[%emt 0:00:02]} Kxg5 {[%emt 0:00:01]} 50. Qd1 {[%emt 0:00:02]} Qe3 {[%emt 0:00:20]} 51. Qg4+ Kf6 52. Qh4+ {[%emt 0:00:06]} Kg7 {[%emt 0:00:02]} 53. Qg4 {[%emt 0:00:01]} h5 {[%emt 0:00:05]} 54. Qd7+ {[%emt 0:00:02]} Kh6 {[%emt 0:00:00]} 55. Qd8 {[%emt 0:00:01]} f3 {[%emt 0:00:07]} 56. Qh8+ {[%emt 0:00:02]} Kg5 {[%emt 0:00:01]} 57. Qd8+ {[%emt 0:00:02]} Kh6 {[%emt 0:00:03]} 58. Qf8+ {[%emt 0:00:02]} Kg5 {[%emt 0:00:01]} 59. Ne4+ {[%emt 0:00:03]} Kg4 {[%emt 0:00:09]} 60. Nf2+ {[%emt 0:00:03]} Kg3 {[%emt 0:00:02]} 61. Ne4+ {[%emt 0:00:01]} Kg4 {[%emt 0:00:07]} 62. Qc8+ {[%emt 0:00:01]} Kh4 {[%emt 0:00:03]} 63. Qd8+ {[%emt 0:00:02]} Kg4 {[%emt 0:00:05]} 64. Qd7+ {[%emt 0:00:01]} Kh4 {[%emt 0:00:01]} 65. Qe7+ {[%emt 0:00:01]} Kg4 {[%emt 0:00:05]} 66. Qe6+ {[%emt 0:00:04]} Kh4 {[%emt 0:00:05]} 67. Qf6+ {[%emt 0:00:00]} g5 {[%emt 0:00:03]} 68. Qxg5+ {[%emt 0:00:02]} Qxg5 {[%emt 0:00:02]} 69. Nxg5 {[%emt 0:00:01]} Kxg5 70. c5 {[%emt 0:00:01]} bxc5 {[%emt 0:00:07]} 71. b6 {[%emt 0:00:00]} c4 {[%emt 0:00:00]} 72. b7 {[%emt 0:00:04]} 1-0